[Event "9.th Korbach B Open"]
[Site "Korbach"]
[Date "2017.10.21"]
[Round "5.3"]
[White "Bigott, Martin"]
[Black "Ruhl, Moritz"]
[Result "1-0"]
[WhiteElo "1787"]
[BlackElo "1781"]
[PlyCount "121"]
[EventDate "2017.10.19"]
[EventType "swiss"]
[EventRounds "7"]
[EventCountry "GER"]
[SourceDate "2017.10.24"]

1. Nf3 e6 2. g3 Nf6 3. c4 c6 4. Bg2 d5 5. cxd5 cxd5 6. O-O Bc5 7. d4 Bd6 8. Nc3
Nc6 9. a3 O-O 10. b4 a6 11. Qd3 Na7 12. Bf4 Bxf4 13. gxf4 Qd6 14. Ne5 Nd7 15.
e3 f6 16. Nxd7 Bxd7 17. f5 Bc6 18. fxe6 Qxe6 19. a4 b5 20. a5 Rae8 21. Rac1 f5
22. Ne2 g5 23. Qb3 Rd8 24. f4 h6 25. Rc5 Rd6 {Remisangebot} 26. Rf3 g4 27. Rf1
Kg7 28. Re1 h5 29. Nc1 Rfd8 30. Nd3 Nc8 31. Ne5 Ne7 32. Rec1 Ba8 33. Rc7 Rc8
34. Rxc8 Nxc8 35. Rc7+ Ne7 36. Qc3 Kf6 37. Qe1 Ng6 38. Qc1 Ne7 39. Qc5 Bc6 40.
Qa7 Be8 41. Qa8 Ng6 42. Rc8 Bf7 43. Rc7 Nxe5 44. dxe5+ Kg6 45. Kf2 d4 46. Qc6
Qa2+ 47. Qc2 Qxc2+ 48. Rxc2 d3 49. Rd2 Rd7 50. e4 Rd4 51. Ke3 Rxb4 52. Rxd3 Rb3
53. exf5+ Kg7 54. f6+ Kg8 55. Rxb3 Bxb3 56. Bb7 Kf7 57. Bxa6 Bc4 58. Bb7 b4 59.
Kd4 Bf1 60. a6 b3 61. Kc3 1-0

[Event "9.th Korbach B Open"]
[Site "Korbach"]
[Date "2017.10.21"]
[Round "5.4"]
[White "Koellner, Felicitas Ophelia"]
[Black "Gurnik, Michael"]
[Result "1-0"]
[WhiteElo "1757"]
[BlackElo "1678"]
[PlyCount "33"]
[EventDate "2017.10.19"]
[EventType "swiss"]
[EventRounds "7"]
[EventCountry "GER"]
[SourceDate "2017.10.24"]

1. d4 d5 2. Nf3 Nf6 3. e3 e6 4. Nbd2 Be7 5. Bd3 O-O 6. O-O c5 7. c3 cxd4 8.
exd4 Nc6 9. Re1 Bd7 10. Ne5 Be8 11. Nf1 Nd7 12. Qg4 Bf6 13. Bf4 Qb6 14. Rab1
Kh8 15. Re3 Ne7 16. Bxh7 g6 17. Qh3 1-0

[Event "9.th Korbach B Open"]
[Site "Korbach"]
[Date "2017.10.21"]
[Round "5.5"]
[White "Stork, Christopher"]
[Black "Lasschuit, Rene"]
[Result "0-1"]
[WhiteElo "1652"]
[BlackElo "1733"]
[PlyCount "112"]
[EventDate "2017.10.19"]
[EventType "swiss"]
[EventRounds "7"]
[EventCountry "GER"]
[SourceDate "2017.10.24"]

1. e4 c5 2. Nf3 a6 3. d4 cxd4 4. Nxd4 e5 5. Nb3 Nf6 6. Nc3 Bb4 7. Bg5 Bxc3+ 8.
bxc3 h6 9. Bxf6 Qxf6 10. Qf3 Qxf3 11. gxf3 O-O 12. O-O-O f5 13. Rd2 fxe4 14.
fxe4 Rf4 15. Bd3 b6 16. Rg1 Bb7 17. Re2 d6 18. Rg6 Nc6 19. Rxd6 Rd8 20. Rxd8+
Nxd8 21. Nd2 b5 22. c4 Ne6 23. cxb5 axb5 24. Nb3 Bc6 25. c4 b4 26. Kb2 Rh4 27.
f3 Nf4 28. Rd2 Nxd3+ 29. Rxd3 Rxh2+ 30. Rd2 Rxd2+ 31. Nxd2 g5 32. Nf1 h5 33.
Nh2 Ba4 34. Kc1 Kf7 35. Kd2 Ke7 36. Kd3 Kd6 37. Nf1 Kc5 38. Nd2 Bd1 39. Nb3+
Kc6 40. Ke3 Kd6 41. Nc1 Bc2 42. Nb3 Bb1 43. Nc1 Kc5 44. Nb3+ Kc6 45. Nc1 Kd6
46. Ke2 h4 47. Ke3 Bc2 48. Nb3 Bd1 49. Nd2 Kc5 50. Kd3 h3 51. Nf1 Bxf3 52. Ke3
Bg2 53. Ng3 Kxc4 54. Kf2 Kc3 55. Kg1 Kb2 56. Ne2 Bxe4 0-1

[Event "9.th Korbach B Open"]
[Site "Korbach"]
[Date "2017.10.21"]
[Round "5.7"]
[White "Bahr, Arne"]
[Black "Ruhl, Marcel"]
[Result "0-1"]
[WhiteElo "1696"]
[BlackElo "1555"]
[PlyCount "70"]
[EventDate "2017.10.19"]
[EventType "swiss"]
[EventRounds "7"]
[EventCountry "GER"]
[SourceDate "2017.10.24"]

1. f4 Nc6 2. Nf3 d6 3. d4 Bf5 4. Nc3 Nf6 5. e3 Nb4 6. Bd3 Nxd3+ 7. cxd3 h6 8.
e4 Bh7 9. Qb3 Qc8 10. O-O Nd7 11. Be3 e6 12. d5 exd5 13. Qxd5 Nb6 14. Qb3 Be7
15. a4 O-O 16. a5 Nd7 17. Nd5 Bd8 18. Bd4 Nc5 19. Qc4 Ne6 20. Bc3 c6 21. f5
cxd5 22. Qxc8 Rxc8 23. fxe6 dxe4 24. exf7+ Rxf7 25. dxe4 Bxe4 26. Nd2 Rxf1+ 27.
Rxf1 Bg6 28. Nb3 Rc4 29. Nd4 Bxa5 30. Ne6 Bxc3 31. Rf8+ Kh7 32. bxc3 Rxc3 33.
Rb8 Be4 34. Nf8+ Kg8 35. Ne6+ Kf7 0-1

[Event "9.th Korbach B Open"]
[Site "Korbach"]
[Date "2017.10.21"]
[Round "5.8"]
[White "Sharikow, Alexej"]
[Black "Haack, Kevin"]
[Result "1-0"]
[WhiteElo "1903"]
[BlackElo "1655"]
[PlyCount "61"]
[EventDate "2017.10.19"]
[EventType "swiss"]
[EventRounds "7"]
[EventCountry "GER"]
[SourceDate "2017.10.24"]

1. d4 d5 2. c4 e6 3. Nc3 Nf6 4. Nf3 c6 5. Bf4 Nbd7 6. e3 h6 7. Bd3 Nh5 8. Ne2
Nxf4 9. Nxf4 Bd6 10. Nh5 dxc4 11. Bxc4 Qa5+ 12. Nd2 Bb4 13. Ng3 O-O 14. a3
Bxd2+ 15. Qxd2 Qxd2+ 16. Kxd2 e5 17. Rhe1 exd4 18. exd4 Nb6 19. Bb3 Rd8 20. Kc3
Nd5+ 21. Bxd5 cxd5 22. Re7 b6 23. Rae1 Be6 24. f4 Rac8+ 25. Kd3 Rd7 26. R1xe6
Rcd8 27. Rxd7 Rxd7 28. Re8+ Kh7 29. f5 g6 30. fxg6+ Kxg6 31. Re5 1-0

[Event "9.th Korbach B Open"]
[Site "Korbach"]
[Date "2017.10.21"]
[Round "5.10"]
[White "Hoelss, Manuel"]
[Black "Wachsmann, Elmar"]
[Result "1-0"]
[WhiteElo "1739"]
[BlackElo "1663"]
[PlyCount "95"]
[EventDate "2017.10.19"]
[EventType "swiss"]
[EventRounds "7"]
[EventCountry "GER"]
[SourceDate "2017.10.24"]

1. e4 e5 2. Nf3 Nc6 3. Bc4 Nf6 4. O-O Be7 5. Re1 d6 6. c3 Bg4 7. d4 Bxf3 8.
Qxf3 exd4 9. Qg3 O-O 10. Bh6 Ne8 11. Bb5 dxc3 12. Nxc3 Kh8 13. Bf4 Bf6 14. Rab1
Ne5 15. Bd2 Ng6 16. Bd3 Bxc3 17. Bxc3 Nf6 18. h4 h6 19. Bd2 Nh5 20. Qg4 Qxh4
21. Qxh4 Nxh4 22. Re3 Ng6 23. Bc4 Ne5 24. Bb3 Nf6 25. f4 Nc6 26. Rbe1 Rae8 27.
Bc2 Re7 28. Bc3 Nd7 29. b4 a6 30. a4 Rfe8 31. b5 axb5 32. axb5 Nd8 33. Rh3 f6
34. Kf2 Nf7 35. g4 Kg8 36. Kf3 d5 37. Bb4 dxe4+ 38. Rxe4 Rxe4 39. Bxe4 b6 40.
Bc6 Rd8 41. Rh2 Nf8 42. Re2 Ng6 43. Re8+ Rxe8 44. Bxe8 Nd6 45. Bxd6 Nh4+ 46.
Kg3 Nf5+ 47. gxf5 cxd6 48. Bc6 1-0

[Event "9.th Korbach B Open"]
[Site "Korbach"]
[Date "2017.10.21"]
[Round "5.12"]
[White "Bakiev, Diyor"]
[Black "Schulz, Daniel"]
[Result "1/2-1/2"]
[WhiteElo "1681"]
[BlackElo "1537"]
[PlyCount "58"]
[EventDate "2017.10.19"]
[EventType "swiss"]
[EventRounds "7"]
[EventCountry "GER"]
[SourceDate "2017.10.24"]

1. e4 e6 2. d4 d5 3. e5 c5 4. c3 Nc6 5. Nf3 Qb6 6. Bd3 cxd4 7. cxd4 Bb4+ 8. Nc3
Bd7 9. a3 Bxc3+ 10. bxc3 Nge7 11. O-O Ng6 12. Rb1 Qc7 13. Qb3 b6 14. Be3 O-O
15. Rfc1 Na5 16. Qc2 Nc4 17. Bxc4 Qxc4 18. Rb4 Qa6 19. Qb3 Rac8 20. Ra1 Rc4 21.
Rxc4 Qxc4 22. Qxc4 dxc4 23. Nd2 b5 24. Ne4 Ne7 25. Nd6 Nc8 26. Ne4 Bc6 27. Nc5
Nb6 28. Rb1 Rc8 29. f3 Nd7 1/2-1/2

[Event "9.th Korbach B Open"]
[Site "Korbach"]
[Date "2017.10.21"]
[Round "5.13"]
[White "Margraf, Dieter"]
[Black "Pabst, Olaf"]
[Result "1/2-1/2"]
[WhiteElo "1441"]
[BlackElo "1603"]
[PlyCount "50"]
[EventDate "2017.10.19"]
[EventType "swiss"]
[EventRounds "7"]
[EventCountry "GER"]
[SourceDate "2017.10.24"]

1. d4 f5 2. Nf3 e6 3. Bf4 Nf6 4. e3 Be7 5. Nbd2 O-O 6. Bd3 Nc6 7. c3 d5 8. O-O
Ne4 9. Ne5 Nxe5 10. Bxe5 Nxd2 11. Qxd2 Bf6 12. f4 Bxe5 13. fxe5 c6 14. c4 Bd7
15. c5 b5 16. b4 a5 17. a3 a4 18. Qf2 Qe7 19. Be2 Be8 20. g4 Bg6 21. Qg3 fxg4
22. Bxg4 Rxf1+ 23. Rxf1 Rf8 24. Rxf8+ Kxf8 25. Qh3 Kf7 1/2-1/2

[Event "9.th Korbach B Open"]
[Site "Korbach"]
[Date "2017.10.21"]
[Round "5.14"]
[White "John, Volkmar"]
[Black "Yon, Gregory"]
[Result "0-1"]
[WhiteElo "1861"]
[BlackElo "1588"]
[PlyCount "92"]
[EventDate "2017.10.19"]
[EventType "swiss"]
[EventRounds "7"]
[EventCountry "GER"]
[SourceDate "2017.10.24"]

1. e4 d6 2. d4 Nf6 3. Nc3 Nbd7 4. Be3 e5 5. Qd2 Be7 6. f3 c6 7. Nge2 Qc7 8. g4
Nb6 9. Ng3 Bd7 10. O-O-O O-O-O 11. g5 Ne8 12. h4 g6 13. Qf2 f5 14. exf5 gxf5
15. dxe5 dxe5 16. Bxb6 Qxb6 17. Qxb6 axb6 18. Bh3 Ng7 19. Rhe1 Rhe8 20. Rxe5
Bxg5+ 21. hxg5 Rxe5 22. f4 Re3 23. Nce2 Rde8 24. Rd2 Kc7 25. Bg2 Be6 26. b3 Bf7
27. Kd1 Bh5 28. Nxh5 Nxh5 29. c4 Ng3 30. Nd4 Re1+ 31. Kc2 Nf1 32. Bxf1 Rxf1 33.
Re2 Rxe2+ 34. Nxe2 Rf2 35. Kd3 c5 36. a4 Rf3+ 37. Kc2 Kd7 38. Nc3 Rxf4 39. Nd5
Rf2+ 40. Kd3 Rf3+ 41. Kc2 Kc6 42. Nf6 Rh3 43. Nd5 Rg3 44. Ne7+ Kd7 45. Nxf5
Rxg5 46. Ne3 h5 0-1

[Event "9.th Korbach B Open"]
[Site "Korbach"]
[Date "2017.10.21"]
[Round "5.15"]
[White "Clement, Marc"]
[Black "Fobbe, Ottmar"]
[Result "0-1"]
[WhiteElo "1561"]
[BlackElo "1846"]
[PlyCount "102"]
[EventDate "2017.10.19"]
[EventType "swiss"]
[EventRounds "7"]
[EventCountry "GER"]
[SourceDate "2017.10.24"]

1. Nf3 e6 2. g3 f5 3. d3 Nf6 4. Bg2 c6 5. O-O d5 6. c3 Bd6 7. e3 O-O 8. Re1
Nbd7 9. Nbd2 Ne5 10. Nd4 Nxd3 11. Rf1 e5 12. Ne2 e4 13. f3 b5 14. b4 a5 15. a3
axb4 16. cxb4 Bxb4 17. fxe4 Nxc1 18. Nxc1 fxe4 19. Ne2 Bc5 20. Nd4 Bxd4 21.
exd4 Bg4 22. Qc2 Be2 23. Rfe1 Bc4 24. Nb3 Ng4 25. Nc5 Rf2 26. Qd1 Rxg2+ 27.
Kxg2 Qg5 28. Ne6 Qf5 29. Nf4 g5 30. h3 gxf4 31. Qxg4+ Qxg4 32. hxg4 f3+ 33. Kf2
Be2 34. Rec1 Re8 35. Rc3 Ra8 36. Rxc6 b4 37. Rb6 bxa3 38. Rb3 a2 39. Rb2 Bc4
40. Ke3 {Remisangebot} Ra7 41. Kf2 Kf7 42. Ke3 Kg6 43. Rh2 Kg5 44. Rb2 Kxg4 45.
Kf2 Ra3 46. Kg1 Kxg3 47. Rh2 Rb3 48. Rhxa2 Rb1+ 49. Rxb1 Bxa2 50. Rb2 Bc4 51.
Rb7 f2+ 0-1

[Event "9.th Korbach B Open"]
[Site "Korbach"]
[Date "2017.10.21"]
[Round "5.16"]
[White "Koch, Thomas1"]
[Black "Schmechtig, Lucas"]
[Result "1-0"]
[WhiteElo "1812"]
[BlackElo "1453"]
[PlyCount "91"]
[EventDate "2017.10.19"]
[EventType "swiss"]
[EventRounds "7"]
[EventCountry "GER"]
[SourceDate "2017.10.24"]

1. e4 c5 2. Nf3 d6 3. Bc4 Nc6 4. c3 Nf6 5. d3 g6 6. h3 Bg7 7. O-O O-O 8. Re1 a6
9. Bb3 b5 10. Nbd2 Nd7 11. Nf1 Bb7 12. Bg5 Nde5 13. Bc2 Re8 14. N3h2 b4 15. Bd2
a5 16. f4 Nd7 17. Ne3 a4 18. a3 bxc3 19. bxc3 Qa5 20. Rb1 Bc8 21. c4 Qa7 22.
Nf3 Nd4 23. Nxd4 Bxd4 24. Kh2 Nf6 25. Nd5 Nxd5 26. exd5 e5 27. Be3 Bc3 28. Bd2
Bd4 29. fxe5 Bxe5+ 30. Kh1 Bd7 31. Qf3 f5 32. Bf4 Qa5 33. Bxe5 Rxe5 34. Rxe5
dxe5 35. d6 Ra6 36. Qd5+ Kf8 37. Qxe5 Ra8 38. Qe7+ Kg8 39. Qxd7 Qd2 40. Qe6+
Kg7 41. Qe7+ Kg8 42. d7 Qxc2 43. d8=Q+ Rxd8 44. Qxd8+ Kf7 45. Rb7+ Ke6 46. Qe7#
1-0

[Event "9.th Korbach B Open"]
[Site "Korbach"]
[Date "2017.10.21"]
[Round "5.17"]
[White "Fromm, Nick"]
[Black "Lanz, Udo"]
[Result "0-1"]
[WhiteElo "1443"]
[BlackElo "1801"]
[PlyCount "108"]
[EventDate "2017.10.19"]
[EventType "swiss"]
[EventRounds "7"]
[EventCountry "GER"]
[SourceDate "2017.10.24"]

1. e4 c5 2. Nf3 Nc6 3. d4 cxd4 4. Nxd4 Nf6 5. Nc3 g6 6. Bc4 Bg7 7. Be3 Qa5 8.
O-O O-O 9. f3 d6 10. Qd2 Bd7 11. Nxc6 Bxc6 12. Bd3 Nd7 13. Bh6 Qb6+ 14. Kh1
Bxh6 15. Qxh6 Qxb2 16. Qd2 Qb6 17. g4 Qa5 18. Rf2 Ne5 19. Nd5 Qd8 20. Be2 e6
21. Ne3 Qh4 22. Raf1 Rad8 23. Ng2 Qe7 24. h4 Qf6 25. h5 d5 26. Qe3 Nd7 27. Nf4
Qe5 28. Nd3 Qc3 29. Rh2 dxe4 30. fxe4 Qg7 31. Qh3 Bxe4+ 32. Kg1 g5 33. Qe3 Bxd3
34. Bxd3 Qe5 35. Qxa7 Nc5 36. Qb6 Qd4+ 37. Rff2 Rd6 38. Qb1 Nxd3 39. cxd3 Rb6
40. Qc2 Rc6 41. Qd2 h6 42. Rhg2 f5 43. gxf5 Rxf5 44. Kh1 Qh4+ 45. Rh2 Rxf2 46.
Qxf2 Rc1+ 47. Kg2 Qxf2+ 48. Kxf2 Rc2+ 49. Kg3 Rxh2 50. Kxh2 Kg7 51. Kg3 Kf6 52.
Kf3 Kf5 53. d4 g4+ 54. Kg3 Kg5 0-1

[Event "9.th Korbach B Open"]
[Site "Korbach"]
[Date "2017.10.21"]
[Round "5.19"]
[White "Werner, Tom"]
[Black "Werner, Elmar"]
[Result "1/2-1/2"]
[WhiteElo "1554"]
[BlackElo "1740"]
[PlyCount "48"]
[EventDate "2017.10.19"]
[EventType "swiss"]
[EventRounds "7"]
[EventCountry "GER"]
[SourceDate "2017.10.24"]

1. c4 Nf6 2. g3 e5 3. Bg2 Bc5 4. Nc3 d6 5. Nf3 O-O 6. O-O Be6 7. d3 Nc6 8. a3
a6 9. b4 Ba7 10. Ng5 Rb8 11. Nge4 Nxe4 12. Bxe4 Bh3 13. Re1 Qd7 14. Bg2 Bg4 15.
Be3 Bxe3 16. fxe3 f5 17. Nd5 Ne7 {Remisangebot} 18. Nxe7+ Qxe7 19. h3 Bh5 20.
Bf3 Qg5 21. Kf2 f4 22. exf4 exf4 23. Rg1 fxg3+ 24. Rxg3 Qf4 1/2-1/2

[Event "9.th Korbach B Open"]
[Site "Korbach"]
[Date "2017.10.21"]
[Round "5.20"]
[White "Niemeyer, Norbert"]
[Black "Pohle, Saskia"]
[Result "0-1"]
[WhiteElo "1678"]
[BlackElo "1376"]
[PlyCount "51"]
[EventDate "2017.10.19"]
[EventType "swiss"]
[EventRounds "7"]
[EventCountry "GER"]
[SourceDate "2017.10.24"]

1. e4 e5 2. d4 exd4 3. c3 Nc6 4. Nf3 d6 5. cxd4 Nf6 6. Nc3 Be7 7. Bc4 O-O 8.
O-O Bg4 9. h3 Bxf3 10. gxf3 Qd7 11. Kh2 Kh8 12. Rg1 Ne8 13. Be3 f5 14. Qd2 fxe4
15. fxe4 a6 16. Rg2 b5 17. Be2 Bf6 18. Nd5 Bh4 19. Bg4 Qf7 20. Nf4 Bg5 21. Ne6
Bxe3 22. Qxe3 Rg8 23. Ng5 Qe7 24. Rc1 Nxd4 25. Qxd4 Qxg5 26. f4 0-1

[Event "9.th Korbach B Open"]
[Site "Korbach"]
[Date "2017.10.21"]
[Round "5.21"]
[White "Beisinghoff, Rudolf"]
[Black "Warter, Simon"]
[Result "1-0"]
[WhiteElo "1648"]
[BlackElo "1410"]
[PlyCount "53"]
[EventDate "2017.10.19"]
[EventType "swiss"]
[EventRounds "7"]
[EventCountry "GER"]
[SourceDate "2017.10.24"]

1. e4 e5 2. Nf3 Nc6 3. Bc4 Bc5 4. b4 Bxb4 5. c3 Be7 6. d4 Na5 7. Nxe5 Nxc4 8.
Nxc4 Nf6 9. e5 Nd5 10. Qf3 c6 11. O-O O-O 12. Qg3 Kh8 13. Nbd2 f6 14. exf6 Bxf6
15. Ne4 Bh4 16. Qd3 Nb6 17. Ncd6 Qe7 18. Ba3 Qd8 19. Nxc8 Qxc8 20. Bxf8 Qxf8
21. Qh3 Bf6 22. Rab1 d5 23. Nd2 Bg5 24. Nf3 Bf6 25. Rfe1 Rd8 26. Ne5 Kg8 27.
Qe6+ 1-0

[Event "9.th Korbach B Open"]
[Site "Korbach"]
[Date "2017.10.21"]
[Round "5.22"]
[White "Lorch, Alexander"]
[Black "Werner, Rosalie"]
[Result "1/2-1/2"]
[WhiteElo "1636"]
[BlackElo "1404"]
[PlyCount "46"]
[EventDate "2017.10.19"]
[EventType "swiss"]
[EventRounds "7"]
[EventCountry "GER"]
[SourceDate "2017.10.24"]

1. d4 e6 2. Nf3 d5 3. g3 Nf6 4. Bg2 c5 5. b3 Nc6 6. Bb2 Be7 7. O-O O-O 8. Nbd2
Qb6 9. e3 Bd7 10. c4 Rfe8 11. cxd5 exd5 12. Ne5 Rad8 13. Nxd7 Rxd7 14. dxc5
Qxc5 15. Rc1 Qb6 16. Qc2 Nb4 17. Bd4 Qa6 18. Qd1 Nd3 19. Rc2 h6 20. h3 Kh8 21.
Qb1 Nb4 22. Rb2 Nd3 23. Rc2 Nb4 1/2-1/2

[Event "9.th Korbach B Open"]
[Site "Korbach"]
[Date "2017.10.21"]
[Round "5.23"]
[White "Bayer, Melissa"]
[Black "Weber, Detlef"]
[Result "1-0"]
[WhiteElo "1523"]
[BlackElo "1628"]
[PlyCount "101"]
[EventDate "2017.10.19"]
[EventType "swiss"]
[EventRounds "7"]
[EventCountry "GER"]
[SourceDate "2017.10.24"]

1. d4 d5 2. Bf4 Bf5 3. Nf3 Nf6 4. e3 e6 5. Nbd2 Bd6 6. Bg3 Nbd7 7. Ne5 Bxe5 8.
dxe5 Ne4 9. Nf3 Nxg3 10. hxg3 Bg4 11. Qd4 Bxf3 12. gxf3 c5 13. Qg4 g6 14. f4
Qa5+ 15. c3 d4 16. exd4 cxd4 17. Qf3 dxc3 18. Qxc3 Qxc3+ 19. bxc3 Rc8 20. Rc1
Rc5 21. Bg2 b5 22. Ke2 Nb6 23. Rhd1 Nc4 24. Rc2 Ke7 25. Rdc1 Rhc8 26. Kd3 R8c7
27. Bf3 h5 28. Bg2 Na3 29. Rb2 a5 30. Rb3 Rd7+ 31. Ke2 b4 32. Ke1 Nb5 33. c4
Nd4 34. Rb2 Rdc7 35. Bf1 f5 36. exf6+ Kxf6 37. Kd2 Rd7 38. Ke3 Nf5+ 39. Kf3
Nd4+ 40. Ke3 Nb5 41. Rd2 Rxd2 42. Kxd2 Nc3 43. Rc2 g5 44. fxg5+ Kxg5 45. a3
Nb1+ 46. Ke3 Nxa3 47. Ra2 Re5+ 48. Kd2 Nb1+ 49. Kd3 Nc3 50. f4+ Kf5 51. fxe5
1-0

[Event "9.th Korbach B Open"]
[Site "Korbach"]
[Date "2017.10.21"]
[Round "5.27"]
[White "Kirchner, Stefan"]
[Black "Dresen, Dietmar"]
[Result "0-1"]
[WhiteElo "1550"]
[BlackElo "1654"]
[PlyCount "130"]
[EventDate "2017.10.19"]
[EventType "swiss"]
[EventRounds "7"]
[EventCountry "GER"]
[SourceDate "2017.10.24"]

1. e4 c5 2. Nf3 d6 3. d4 cxd4 4. Nxd4 Nf6 5. f3 e5 6. Nb3 Nc6 7. c4 Be7 8. Be3
O-O 9. Nc3 Be6 10. Be2 Ne8 11. Qd2 Rc8 12. Nd5 f5 13. O-O f4 14. Bf2 Bh4 15. g3
fxg3 16. hxg3 Bg5 17. Qc2 Qd7 18. g4 Qf7 19. Be3 Bxe3+ 20. Nxe3 {Remisangebot}
Qf4 21. Qd2 Qg3+ 22. Ng2 Rf6 23. Qe1 Qxe1 24. Rfxe1 Nb4 25. Ne3 Bxc4 26. Rac1
Be6 27. Bc4 Bxc4 28. Rxc4 Rxc4 29. Nxc4 Rxf3 30. Kg2 Rd3 31. Nc1 Rd4 32. Na5
Rd2+ 33. Re2 Rxe2+ 34. Nxe2 b6 35. Nc4 Nxa2 36. Kf3 g5 37. Ke3 Nb4 38. Ng3 b5
39. Na3 a6 40. Nf5 Kf7 41. Nb1 Nc2+ 42. Kd3 Nd4 43. Ne3 Nc7 44. Nc3 b4 45. Na4
Nb3 46. Nb6 Nc5+ 47. Kc4 Nxe4 48. Kxb4 d5 49. Nbxd5 Nxd5+ 50. Nxd5 Nf2 51. Ne3
Nd3+ 52. Kc3 e4 53. b3 Ke6 54. Kd4 Nf2 55. b4 h6 56. Kc5 Nd3+ 57. Kc4 Nf2 58.
Kd4 Kd7 59. Kd5 Kc7 60. Ke5 Kb6 61. Kf5 Kb5 62. Kg6 Kxb4 63. Kxh6 Kc3 64. Kxg5
Kd3 65. Kh4 Nxg4 0-1

[Event "9.th Korbach B Open"]
[Site "Korbach"]
[Date "2017.10.21"]
[Round "5.28"]
[White "Hofmann, Niclas"]
[Black "Bach, Oliver"]
[Result "1-0"]
[WhiteElo "1534"]
[BlackElo "1651"]
[PlyCount "65"]
[EventDate "2017.10.19"]
[EventType "swiss"]
[EventRounds "7"]
[EventCountry "GER"]
[SourceDate "2017.10.24"]

1. d4 d6 2. e4 Nf6 3. Nc3 g6 4. f4 Bg7 5. Nf3 O-O 6. Bc4 c5 7. e5 dxe5 8. fxe5
Ng4 9. h3 cxd4 10. Ne4 Nxe5 11. Nxe5 Bxe5 12. O-O Qb6 13. Qf3 Be6 14. Bxe6 Qxe6
15. Ng5 Qc6 16. Qb3 Bf6 17. Nf3 Kg7 18. Nh2 Nd7 19. Ng4 Kg8 20. Nh6+ Kg7 21.
Ng4 Kh8 22. Bh6 Bg7 23. Rxf7 Bxh6 24. Nxh6 Ne5 25. Rxe7 Qf6 26. Qxb7 Nf7 27.
Rxf7 Rxf7 28. Nxf7+ Kg7 29. Qxa8 Qxf7 30. Rf1 Qe7 31. Qf3 Qc5 32. Qf7+ Kh6 33.
Qf8+ 1-0

[Event "9.th Korbach B Open"]
[Site "Korbach"]
[Date "2017.10.21"]
[Round "5.29"]
[White "De Heij, Mees"]
[Black "Siepen, Ralf"]
[Result "0-1"]
[WhiteElo "1343"]
[BlackElo "1640"]
[PlyCount "60"]
[EventDate "2017.10.19"]
[EventType "swiss"]
[EventRounds "7"]
[EventCountry "GER"]
[SourceDate "2017.10.24"]

1. d4 d5 2. c4 c6 3. Nc3 Nf6 4. Nf3 dxc4 5. e4 b5 6. Bf4 e6 7. a4 b4 8. Na2
Nxe4 9. Bxc4 a5 10. O-O Be7 11. Re1 Nf6 12. Bb3 Bb7 13. Bc2 Nbd7 14. Qd3 Ba6
15. Qd2 Qb6 16. b3 Rd8 17. Rad1 O-O 18. Bb1 c5 19. dxc5 Nxc5 20. Qc2 Rxd1 21.
Rxd1 Rc8 22. Be3 Qb7 23. Bxc5 Bxc5 24. Qd2 Be7 25. h3 Qc7 26. Rc1 Qd6 27. Qxd6
Rxc1+ 28. Nxc1 Bxd6 29. Ng5 Bf4 30. Nd3 Bxd3 0-1

[Event "9.th Korbach B Open"]
[Site "Korbach"]
[Date "2017.10.21"]
[Round "5.31"]
[White "Langhammer, Joerg"]
[Black "Deutsch, Oliver"]
[Result "1-0"]
[WhiteElo "1732"]
[BlackElo "1408"]
[PlyCount "53"]
[EventDate "2017.10.19"]
[EventType "swiss"]
[EventRounds "7"]
[EventCountry "GER"]
[SourceDate "2017.10.24"]

1. e4 e5 2. Nf3 Nc6 3. Bb5 Nf6 4. d3 h6 5. Bxc6 dxc6 6. Nxe5 Bd6 7. Nf3 Bg4 8.
h3 Bh5 9. Nbd2 O-O 10. O-O Bf4 11. Nc4 b5 12. Bxf4 bxc4 13. Qe2 cxd3 14. cxd3
Re8 15. g4 Nd5 16. Bg3 Bg6 17. Qd2 Nb6 18. Rad1 Re7 19. Nh4 Bh7 20. Nf5 Rd7 21.
Qc3 Bxf5 22. gxf5 Na4 23. Qc2 Nb6 24. a4 Nc8 25. Qxc6 Rxd3 26. Rxd3 Qxd3 27.
Qxa8 1-0

[Event "9.th Korbach B Open"]
[Site "Korbach"]
[Date "2017.10.21"]
[Round "5.32"]
[White "Moderow, Manuel"]
[Black "Bayer, Oliver"]
[Result "1-0"]
[WhiteElo "1210"]
[BlackElo "1670"]
[PlyCount "132"]
[EventDate "2017.10.19"]
[EventType "swiss"]
[EventRounds "7"]
[EventCountry "GER"]
[SourceDate "2017.10.24"]

1. e4 e5 2. Nf3 Nc6 3. Bb5 a6 4. Bxc6 dxc6 5. O-O Bd6 6. d4 f6 7. dxe5 Bxe5 8.
Nxe5 Qxd1 9. Rxd1 fxe5 10. Nd2 Be6 11. b3 Ne7 12. Bb2 Ng6 13. Nf3 Bg4 14. Rd2
Bxf3 15. gxf3 O-O 16. Rd7 Rac8 17. Rad1 Rxf3 18. Rd8+ Rxd8 19. Rxd8+ Rf8 20.
Rd7 Rc8 21. Kg2 h5 22. Kf3 Rf8+ 23. Ke3 Rf7 24. Rd8+ Kh7 25. Re8 Rd7 26. Bxe5
Nxe5 27. Rxe5 Rd1 28. Rxh5+ Kg6 29. Rh3 Ra1 30. a4 Rc1 31. Kd2 Rf1 32. Rf3 Rh1
33. h3 Kh7 34. Rf7 Rxh3 35. Rxc7 Rh2 36. Ke3 Rh3+ 37. f3 Rh2 38. Rxb7 Rxc2 39.
Rb4 Rc3+ 40. Kf2 c5 41. Rc4 Rxb3 42. Rxc5 Rb6 43. Kg3 Kh6 44. Kf4 Rf6+ 45. Rf5
Rc6 46. Rd5 g5+ 47. Ke5 Rc3 48. Rd6+ Kh5 49. Rf6 Ra3 50. Rf5 Rxa4 51. f4 Ra5+
52. Kf6 Rxf5+ 53. Kxf5 g4 54. e5 Kh4 55. e6 g3 56. e7 g2 57. e8=Q g1=Q 58. Qe7+
Kg3 59. Qg5+ Kf2 60. Qxg1+ Kxg1 61. Ke4 a5 62. Kd3 Kg2 63. f5 a4 64. Kc3 a3 65.
Kb3 Kg3 66. f6 a2 1-0

[Event "9.th Korbach B Open"]
[Site "Korbach"]
[Date "2017.10.21"]
[Round "5.33"]
[White "Dessens, John"]
[Black "Lehmann, Nils"]
[Result "1/2-1/2"]
[WhiteElo "1318"]
[BlackElo "1542"]
[PlyCount "93"]
[EventDate "2017.10.19"]
[EventType "swiss"]
[EventRounds "7"]
[EventCountry "GER"]
[SourceDate "2017.10.24"]

1. e4 e5 2. Nf3 Nc6 3. Nc3 Bc5 4. Bb5 d6 5. d3 h6 6. O-O Bg4 7. Bxc6+ bxc6 8.
Qe2 Nf6 9. Be3 Bb6 10. a4 a5 11. Bxb6 cxb6 12. Qe3 Bxf3 13. Qxf3 O-O 14. Ne2 d5
15. Ng3 dxe4 16. Nxe4 Nxe4 17. Qxe4 Qd5 18. Rfe1 Rfe8 19. Qxd5 cxd5 20. Re2 g5
21. Rae1 f6 22. d4 Rac8 23. c3 Rc4 24. Ra1 Kf7 25. dxe5 Rxe5 26. Rxe5 fxe5 27.
Kf1 Kf6 28. Ke2 e4 29. Kd2 d4 30. cxd4 Rxd4+ 31. Kc2 Kf5 32. b3 Rd6 33. Rd1
Rc6+ 34. Kd2 Kf4 35. Re1 Rd6+ 36. Kc2 Rd3 37. Re2 g4 38. Rd2 Rxd2+ 39. Kxd2 h5
40. Ke2 h4 41. g3+ hxg3 42. hxg3+ Kf5 43. Kd2 Ke6 44. Ke3 Ke5 45. Ke2 Kd5 46.
Ke3 Ke5 47. Ke2 1/2-1/2

[Event "9.th Korbach B Open"]
[Site "Korbach"]
[Date "2017.10.21"]
[Round "5.34"]
[White "Moderow, Ramon"]
[Black "Engel, Markus"]
[Result "0-1"]
[WhiteElo "1516"]
[BlackElo "1461"]
[PlyCount "48"]
[EventDate "2017.10.19"]
[EventType "swiss"]
[EventRounds "7"]
[EventCountry "GER"]
[SourceDate "2017.10.24"]

1. e4 e5 2. Nf3 Nc6 3. Bb5 d6 4. d4 exd4 5. Nxd4 Bd7 6. Nxc6 Bxc6 7. Bxc6+ bxc6
8. O-O Nf6 9. Re1 Be7 10. Nc3 O-O 11. b3 Re8 12. Bb2 d5 13. e5 Nd7 14. Qg4 Bc5
15. Na4 Re6 16. Nxc5 Nxc5 17. f4 Rg6 18. Qh5 Rh6 19. Qf3 Qh4 20. h3 Ne4 21. Kh2
Re8 22. g3 Qxh3+ 23. Kg1 Qh2+ 24. Kf1 Nd2# 0-1

[Event "9.th Korbach B Open"]
[Site "Korbach"]
[Date "2017.10.21"]
[Round "5.35"]
[White "Barchfeld, Peter"]
[Black "Unruh, Hartmut"]
[Result "1-0"]
[WhiteElo "1571"]
[BlackElo "1518"]
[PlyCount "45"]
[EventDate "2017.10.19"]
[EventType "swiss"]
[EventRounds "7"]
[EventCountry "GER"]
[SourceDate "2017.10.24"]

1. e4 d6 2. d4 g6 3. Nf3 Nf6 4. Nc3 Bg7 5. Bc4 O-O 6. Bb3 Nh5 7. h3 Nc6 8. Be3
Na5 9. Qd2 Nxb3 10. axb3 Re8 11. d5 a6 12. Bd4 e5 13. Be3 Bd7 14. Ne2 f5 15.
exf5 Bxf5 16. g4 Nf4 17. gxf5 Ng2+ 18. Kf1 Nxe3+ 19. fxe3 gxf5 20. Rg1 h6 21.
Ng3 Qd7 22. Nh5 Re7 23. Nf6+ 1-0